Effect of different plant spacing on the growth and yield of eggplant in crop station at royal university of agriculture ឥទ្ធិពលគំលាតគុម្ពផ្សេងគ្នាទៅលើការលូតលាស់ និង ទិន្នផលដំណាំទ្រប់វែងនៅស្ថានីយ៍ដំណាំសាកលវិទ្យាល័យភូមិន្ទកសិកម្ម (Record no. 886)

000 -LEADER
fixed length control field 00799nam a22001577a 4500
003 - CONTROL NUMBER IDENTIFIER
control field OSt
005 - DATE AND TIME OF LATEST TRANSACTION
control field 20150920103339.0
008 - FIXED-LENGTH DATA ELEMENTS--GENERAL INFORMATION
fixed length control field 150920b xxu||||| |||| 00| 0 eng d
040 ## - CATALOGING SOURCE
Transcribing agency RUA
082 ## - DEWEY DECIMAL CLASSIFICATION NUMBER
Classification number AGR LON 2008 B038 Or.1
100 ## - MAIN ENTRY--PERSONAL NAME
9 (RLIN) 918
Personal name LONG, SINETH.
245 ## - TITLE STATEMENT
Title Effect of different plant spacing on the growth and yield of eggplant in crop station at royal university of agriculture ឥទ្ធិពលគំលាតគុម្ពផ្សេងគ្នាទៅលើការលូតលាស់ និង ទិន្នផលដំណាំទ្រប់វែងនៅស្ថានីយ៍ដំណាំសាកលវិទ្យាល័យភូមិន្ទកសិកម្ម
260 ## - PUBLICATION, DISTRIBUTION, ETC. (IMPRINT)
Place of publication, distribution, etc. Phnom Penh
Name of publisher, distributor, etc. RUA
Date of publication, distribution, etc. 2008
300 ## - PHYSICAL DESCRIPTION
Extent xi; 48p.
Other physical details ill.
Dimensions 29cm.
942 ## - ADDED ENTRY ELEMENTS (KOHA)
Source of classification or shelving scheme
Koha item type AGR
Holdings
Price effective from Date last seen Permanent Location Not for loan Date acquired Source of classification or shelving scheme Koha item type Lost status Withdrawn status Date last checked out Total Checkouts Shelving location Damaged status Barcode Checked out Current Location Full call number
2015-09-202024-06-28Library Block B 2015-09-20 AGR  2024-06-251B038 RUA000855 Library Block BAGR LON 2008 B038 Or.1
2015-09-202015-09-20Library Block B 2015-09-20 AGR    B038 RUA000711 Library Block BAGR LON 2008 B038 Or.2
2015-09-202016-10-25Library Block B 2015-09-20 AGR  2016-10-081B038 RUA000567 Library Block BAGR LON 2008 B038 Or.4
2015-09-202015-09-20Library Block B 2015-09-20 AGR    B038 RUA000141 Library Block BAGR LON 2008 B038 Or.5
2015-09-202020-02-10Library Block B 2015-09-20 AGR  2020-01-291B038 RUA000213 Library Block BAGR LON 2008 B038 Or.6
2015-10-312015-10-31Library Block B 2015-10-31 AGR    B038 RUA030680 Library Block BAGR LON 2008 B038 Or.7
2015-09-202026-02-13Library Block B 2015-09-20 AGR  2026-02-131B038 RUA0006392026-03-20Library Block CAGR LON 2008 B038 Or.3
មជ្ឈមណ្ឌលឯការនៃសាកលវិទ្យាល័យភូមិន្ទកសិកម្មចំការដូង

Powered by Koha